01361nam a22003617a 4500003000500000005001700005008004100022010001000063011001000073035001000083040000900093090001000102100003800112245010900150260003700259300002100296502010000317590003700417590004100454590004100495590004100536590004100577590004100618590004200659650003600701650002700737650003200764901000700796942001000803949004200813999001700855952012700872CHAP20220329134427.0971013s1983 r 00010 d a20348 a21320 a25410 cCHAP aTesis00aArellano Dávila, Eduardo.96899 aDinámica poblacional de Phyllophaga crinita (Burmeiste) capturadas con lámpara trampa, Marín, N.L. aMarín, N.L. :bEl autor,c1983 a63 h.b; gráfs aTesis (Ing. Agrónomo Parasitólogo) -- Univ. Autónoma de Nuevo León. Fac. de Agronomía aALEPHb10c20130110lUCH01h1243 aBATCH-UPDb10c20130110lUCH01h0156 aBATCH-UPDb10c20130110lUCH01h1928 aBATCH-UPDb10c20130409lUCH01h2159 aBATCH-UPDb10c20130410lUCH01h1253 aBATCH-UPDb10c20130914lUCH01h0353 aCONVERSIONb10c20130109lUCH01h131214aLuzxEfecto en insectos.96923514aMaízxPlagas.97103414aPhyllophaga crinita.987882 aBK cTESIS bBCcTESd-58536eTS1h19132i25410si c20348d20348 00102local4051708TESISaBCbBCcPA_TESISd2019-12-31fTESISl0oTesisp-58536r2019-12-31 00:00:00w2019-12-31yTESIS